<?xml version="1.0" encoding="UTF-8"?>
<marc:record xmlns:marc="http://www.loc.gov/MARC21/slim">
   <marc:leader>00000nam a2200000 a 4500</marc:leader>
   <marc:datafield ind1="1" ind2=" " tag="100">
      <marc:subfield code="a">Koppelstätter, Lenz</marc:subfield>
      <marc:subfield code="4">aut</marc:subfield>
      <marc:subfield code="e">Verfasser/-in</marc:subfield>
   </marc:datafield>
   <marc:datafield ind1=" " ind2=" " tag="653">
      <marc:subfield code="a">Fiktionale Darstellung</marc:subfield>
   </marc:datafield>
   <marc:datafield ind1=" " ind2=" " tag="653">
      <marc:subfield code="a">Erzählende Literatur</marc:subfield>
   </marc:datafield>
   <marc:datafield ind1=" " ind2=" " tag="653">
      <marc:subfield code="a">Erzählende Literatur: Gegenwartsliteratur ab 1945</marc:subfield>
   </marc:datafield>
   <marc:datafield ind1="0" ind2="0" tag="245">
      <marc:subfield code="a">Almas Sommer</marc:subfield>
   </marc:datafield>
   <marc:datafield ind1="0" ind2="0" tag="245">
      <marc:subfield code="b">Roman</marc:subfield>
   </marc:datafield>
   <marc:datafield ind1="0" ind2="0" tag="245">
      <marc:subfield code="c">Koppelstätter, Lenz</marc:subfield>
   </marc:datafield>
   <marc:datafield ind1=" " ind2="1" tag="264">
      <marc:subfield code="a">Hamburg</marc:subfield>
      <marc:subfield code="b">Kindler</marc:subfield>
   </marc:datafield>
   <marc:datafield ind1=" " ind2=" " tag="250">
      <marc:subfield code="a">Originalausgabe</marc:subfield>
   </marc:datafield>
   <marc:datafield ind1="1" ind2=" " tag="520">
      <marc:subfield code="a">Angaben aus der Verlagsmeldung 

 Almas Sommer  Koppelstätter, Almas Sommer  / von Lenz Koppelstätter


            
Toblach, 1910: Alma und Gustav Mahler verbringen die Sommerfrische in den Südtiroler Dolomiten, doch die einst so leidenschaftliche Liebe des Ehepaares ist längst erkaltet. Der berühmte Komponist hat Schmerzen, Vorboten des Herzleidens, das ihn wenige Monate später dahinraffen wird, und quält sich mit seinen Partituren, in der Hoffnung, die Ruhe der Berge würde sein Schaffen beflügeln. Alma langweilt sich mit ihrem viel älteren Mann, sehnt sich nach der Wiener Bohème - und nach den Telegrammen des jungen Walter Gropius, mit dem sie eine heimliche, stürmische Affäre verbindet. Als Mahler Gropius' liebestrunkene Zeilen entdeckt, kommt es zum Streit - und wenig später zu einer Konfrontation mit dem Rivalen, der Alma in die Berge nachgereist ist...

                
Während sich über den Dolomitengipfeln ein Gewitter zusammenbraut, nimmt unten im Tal die Ménage-à-trois eine verhängnisvolle Wendung, untermalt von der Wucht von Mahlers Sinfonien und angetrieben von Almas unbändigem Liebesdurst.</marc:subfield>
   </marc:datafield>
   <marc:datafield ind1=" " ind2=" " tag="020">
      <marc:subfield code="a">9783463000213</marc:subfield>
      <marc:subfield code="9">9783463000213</marc:subfield>
   </marc:datafield>
   <marc:datafield ind1=" " ind2=" " tag="020">
      <marc:subfield code="a">3463000210</marc:subfield>
      <marc:subfield code="9">3463000210</marc:subfield>
   </marc:datafield>
   <marc:datafield ind1=" " ind2=" " tag="041">
      <marc:subfield code="a">ger</marc:subfield>
   </marc:datafield>
   <marc:datafield ind1=" " ind2=" " tag="338">
      <marc:subfield code="a">Band</marc:subfield>
   </marc:datafield>
   <marc:datafield ind1=" " ind2=" " tag="300">
      <marc:subfield code="a">205 Seiten</marc:subfield>
   </marc:datafield>
</marc:record>
